Normal view
MARC view
- Classroom management.
Entry Topical Term
001 - CONTROL NUMBER
- control field: 56409
003 - CONTROL NUMBER IDENTIFIER
- control field: OSt
005 - DATE AND TIME OF LATEST TRANSACTION
- control field: 20240411103346.0
008 - FIXED-LENGTH DATA ELEMENTS
- fixed length control field: 240411|| aca||aabn | a|a d
040 ## - CATALOGING SOURCE
- Original cataloging agency: OSt
- Transcribing agency: OSt
150 ## - HEADING--TOPICAL TERM
- Topical term or geographic name entry element: Classroom management.
670 ## - SOURCE DATA FOUND
- Source citation: Work cat.: (OSt)20100: Samano, Angelita Venus. 56394, Handbook on classroom observation /, ©1982.
